Score 0/14 Timer 03:00
0 Plays Today
Q A % Correct
Of Europe's approximately 50 countries this one is by far the smallest.Vatican City
92.4%
3.)Manhattan
81.5%
Name the five boroughs of New York City 1.)Bronx
78.3%
4.)Queens
78.3%
What is the southern most country in South America?Chile
76.1%
The tallest building in the world, Khalifa Tower, stands more than 2700 feet tall and is located in what city?Dubai, United Arab Emirates
75%
Which American state has more active volcanoes than all other states combined? Alaska
72.8%
Q A % Correct
2.)Brooklyn
71.7%
According to the United Nations, this is the most populous country in Africa, nearly doubling any other.Nigeria
70.7%
5.)Staten Island
70.7%
What is the most populous city in South America?São Paulo
69.6%
What is the largest landlocked country by area?Kazakhstan
67.4%
This body of fresh water is over 1300 feet deep in parts and is the largest in the world.Lake Superior
47.8%
From its base to its summit, what is the tallest mountain in the world?Mauna Kea
37%
Come Together.
Have Fun.
All Virtual.
We all need to come together. Play Sporcle's virtual live trivia to have fun, connect with people, and get your trivia on. Join a live hosted trivia game for your favorite pub trivia experience done virtually. If a virtual private party is more your thing, go here for details.

You're not logged in!

Compare scores with friends on all Sporcle quizzes.
OR
Log In

Sporcle TV

Today on Sporcle TV


Watch our educational content, quiz creation guides, and fun videos on Sporcle TV.

You Might Also Like...

Show Comments

Extras

Created Jan 25, 2016ReportNominate
Tags:potpourri

Top Quizzes Today


Score Distribution

Paid Content

Your Account Isn't Verified!

In order to create a playlist on Sporcle, you need to verify the email address you used during registration. Go to your Sporcle Settings to finish the process.

Report this User

Report this user for behavior that violates our Community Guidelines.

Details: